Country Names That Are Also... Quiz Stats

Quiz Updated Feb 17, 2012

Challenge
Share
Tweet
Embed
Score 0/52 Timer 08:00
1 Play Today
Country % Correct
Gulf of Mexico
92.8%
CHINA
80.3%
India
73%
JAPAN
67.6%
BRAZIL
65.1%
TURKEY
62.6%
CHILE
59.5%
PANAMA
59.4%
Gulf of Panama
59.4%
JORDAN
51.4%
Jordan River
51.4%
Jordan
51.4%
Jordan Lake
51.4%
CHAD
50.4%
Chad
50.4%
Lake Chad
50.3%
Niger River
48.4%
Ireland
47.5%
Israel
47%
Gulf of Oman
45.6%
Vatican City
43.8%
Monaco
42.8%
Luxembourg
42.3%
Kenya
42%
Georgia
40.1%
Gulf of Finland
38.5%
Country % Correct
Singapore
35.7%
Singapore River
35.7%
San Marino
34.9%
Gulf of Thailand
33.9%
MOROCCO
33.5%
BOLIVIA
29.8%
Bolivia Lake
29.8%
Gulf of Venezuela
29.5%
Gulf of Guinea
29.2%
GUINEA
29.2%
Belize River
28.8%
Paraguay River
27.8%
Uruguay River
27.4%
Djibouti
26.6%
Gulf of Honduras
26.1%
Lake Nicaragua
24.7%
Lake Malta
22.7%
CYPRUS
21.5%
Lake Malawi
21.3%
Suriname River
20.4%
Senegal River
17.9%
Gulf of Bahrain
17%
TONGA
15.6%
Gabon River
15.5%
Grenada Lake
10.8%
Moldova River
10.1%

You're not logged in!

Compare scores with friends on all Sporcle quizzes.
Sign Up with Email
OR
Log In

You Might Also Like...

Show Comments

Extras

Top Quizzes Today


Score Distribution

Your Account Isn't Verified!

In order to create a playlist on Sporcle, you need to verify the email address you used during registration. Go to your Sporcle Settings to finish the process.